| 000 | 02302nam2a22003011 4500 | ||
|---|---|---|---|
| 001 | rc\134904 | ||
| 005 | 20250620202948.0 | ||
| 010 |
_a5-900776-14-X _92000 |
||
| 035 | _a(NLR Aleph) 005408268 | ||
| 090 |
_a7346174 _c7346174 |
||
| 100 | _a20030307d1996 |||y0rusy50 ca | ||
| 101 | 0 | _arus | |
| 102 | _aRU | ||
| 105 | _ay ||||||||| | ||
| 200 | 1 |
_aСТРАХОВАНИЕ ренты, дополнительной пенсии. Годовая бухгалтерская отчетность страховых организаций _e(Инструкция, рекомендации) _fРедкол.: Е.Ю. Бойко и др. |
|
| 210 |
_aМ. _cБ. и. _d1996 |
||
| 215 |
_a45 с. _d29 |
||
| 225 | 2 |
_aСтраховой аудит _eЕжекварт. прил. к журн. "Аудит и налогообложение" _fУчредители: Междунар. консультатив.-правовой центр по вопр. налогообложения юрид. и физ. лиц (МКПЦН) и Ред. журн. "Аудит и налогообложение" (ТОО "АиН") _v№ 1/2 (4/5) |
|
| 225 | 1 | _aБиблиотечка журнала "Аудит и налогообложение" | |
| 461 | 0 |
_1001RU\NLR\INFOCOMM18\1000230569 _12001#$aСтраховой аудит$eЕжекварт. прил. к журн. "Аудит и налогообложение"$fУчредитель: Междунар. консультатив.-правовой центр по вопр. налогообложения юрид. и физ. лиц. (МКПЦН) и Ред. журн. "Аудит и налогообложение" (ТОО "АиН")$v1996, № 1/2 (4/5) _94602518 _cМ. _d1996 - _fУчредитель: Междунар. консультатив.-правовой центр по вопр. налогообложения юрид. и физ. лиц. (МКПЦН) и Ред. журн. "Аудит и налогообложение" (ТОО "АиН") _oЕжекварт. прил. к журн. "Аудит и налогообложение" _tСтраховой аудит _v1996, № 1/2 (4/5) |
|
| 702 | 1 |
_aБойко _bЕ. Ю. _4340 |
|
| 801 | 0 |
_aRU _bNLR _gpsbo |
|
| 801 | 1 |
_aRU _bELAR _2rusmarc |
|
| 852 |
_aNLR _jП23/3741 |
||
| 942 | _cISSUE | ||
| 980 | _aNB | ||
| 980 | _aRUSPER | ||